[Event "7th Eksjo it"]
[Site "Eksjo SWE"]
[Date "1979.08.30"]
[Round "7"]
[White "Nun, Josef"]
[Black "Trincardi, Tullio"]
[Result "1/2-1/2"]
[WhiteElo "2400"]
[BlackElo "2235"]
[WhiteTitle "IM"]
[EventDate "1979.08.24"]
[PlyCount "86"]

1. e4 c5 2. c3 d5 3. exd5 Qxd5 4. d4 e6 5. Nf3 Nf6 6. Na3 Qd8 7. Nc2 Nc6 8. Bg5 cxd4 9. Ncxd4 Nxd4 10. Qxd4 Qxd4 11. Nxd4 Be7 12. g3 Bd7 13. Bg2 O-O-O 14. O-O Nd5 15. Bxe7 Nxe7 16. Rfd1 Kc7 17. f4 a6 18. Kf2 Nc6 19. Nb3 Bc8 20. Nc5 Rhe8 21. b4 e5 22. Bxc6 Kxc6 23. fxe5 Rxd1 24. Rxd1 Rxe5 25. Rd4 Rh5 26. h4 Rf5+ 27. Ke2 Re5+ 28. Kd2 b6 29. Nd3 Rd5 30. Ke3 Be6 31. a3 f6 32. c4 Rxd4 33. Kxd4 a5 34. b5+ Kd6 35. c5+ bxc5+ 36. Nxc5 Bg4 37. Ne4+ Ke6 38. b6 Kd7 39. Kc5 Bf3 40. Nd6 g5 41. Nc4 gxh4 42. gxh4 a4 43. Kb5 Be2 1/2-1/2

[Event "7th Eksjo it"]
[Site "Eksjo SWE"]
[Date "1979.08.30"]
[Round "7"]
[White "Ornstein, Axel"]
[Black "Schneider, Lars-Ake"]
[Result "1/2-1/2"]
[WhiteElo "2445"]
[BlackElo "2420"]
[WhiteTitle "IM"]
[BlackTitle "IM"]
[EventDate "1979.08.24"]
[PlyCount "70"]

1. Nf3 Nf6 2. c4 e6 3. Nc3 d5 4. d4 c6 5. e3 Be7 6. Bd3 O-O 7. O-O b6 8. b3 Bb7 9. Bb2 Nbd7 10. Qe2 Re8 11. Rad1 Rc8 12. e4 dxe4 13. Nxe4 Nxe4 14. Bxe4 Qc7 15. Bc3 c5 16. Bxb7 Qxb7 17. d5 exd5 18. cxd5 Nf6 19. Qb2 Rcd8 20. Rfe1 Rxd5 21. Rxd5 Qxd5 22. Bxf6 gxf6 23. Qe2 Kf8 24. g3 Qc6 25. Qd3 Kg8 26. Qe3 Ra8 27. Qxe7 Qxf3 28. Qd7 a5 29. Re3 Qh5 30. Re4 Rf8 31. Rg4+ Kh8 32. Qd6 Qxg4 33. Qxf8+ Qg8 34. Qd6 Qg6 35. Qf8+ Qg8 1/2-1/2

[Event "7th Eksjo it"]
[Site "Eksjo SWE"]
[Date "1979.08.31"]
[Round "8"]
[White "Andersson, Goran"]
[Black "Nun, Josef"]
[Result "1/2-1/2"]
[WhiteElo "2255"]
[BlackElo "2400"]
[BlackTitle "IM"]
[EventDate "1979.08.24"]
[PlyCount "58"]

1. e4 c5 2. Nf3 Nc6 3. d4 cxd4 4. Nxd4 e5 5. Nb5 a6 6. Nd6+ Bxd6 7. Qxd6 Qf6 8. Qd2 Nge7 9. h4 h5 10. Nc3 Nd4 11. Bd3 Ne6 12. b3 b6 13. Bb2 Bb7 14. O-O-O Bc6 15. Bc4 b5 16. Nd5 Qh6 17. Nxe7 Kxe7 18. Bd5 Qxd2+ 19. Rxd2 f6 20. Ba3+ Kf7 21. Bxc6 dxc6 22. Rd7+ Kg6 23. Rd6 Nd8 24. Rh3 Rc8 25. Rg3+ Kh6 26. Bc5 Re8 27. Rd7 Ne6 28. Be3+ Kh7 29. Rf3 Rcd8 1/2-1/2

[Event "7th Eksjo it"]
[Site "Eksjo SWE"]
[Date "1979.08.31"]
[Round "8"]
[White "Ornstein, Axel"]
[Black "Akvist, Hakan"]
[Result "1-0"]
[WhiteElo "2445"]
[BlackElo "2325"]
[WhiteTitle "IM"]
[EventDate "1979.08.24"]
[PlyCount "67"]

1. d4 d5 2. c4 dxc4 3. Nf3 Nf6 4. Qa4+ Nbd7 5. Nc3 e6 6. e4 Be7 7. Qxc4 O-O 8. e5 Nb6 9. exf6 Nxc4 10. fxe7 Qxe7 11. Bxc4 c5 12. Bg5 f6 13. Be3 cxd4 14. Nxd4 Kh8 15. O-O Rd8 16. Rad1 a6 17. Na4 e5 18. Nc6 bxc6 19. Bc5 Bg4 20. Bxe7 Rxd1 21. f3 Rxf1+ 22. Kxf1 Bf5 23. Nb6 Ra7 24. Bc5 h5 25. a4 a5 26. Ke2 g5 27. Ke3 h4 28. b4 Bc2 29. bxa5 Rxa5 30. Bb4 Ra7 31. a5 Kg7 32. a6 f5 33. Bd6 Kf6 34. Bb8 1-0

[Event "7th Eksjo it"]
[Site "Eksjo SWE"]
[Date "1979.08.31"]
[Round "8"]
[White "Schneider, Lars-Ake"]
[Black "Jasnikowski, Zbigniew"]
[Result "1-0"]
[WhiteElo "2420"]
[BlackElo "2310"]
[WhiteTitle "IM"]
[EventDate "1979.08.24"]
[PlyCount "43"]

1. b3 e5 2. Bb2 Nc6 3. e3 Nf6 4. Bb5 d6 5. Ne2 Bd7 6. O-O a6 7. Bxc6 Bxc6 8. d4 exd4 9. Nxd4 Bd7 10. c4 Be7 11. Nc3 O-O 12. Qf3 Qc8 13. h3 Re8 14. Rfe1 Rb8 15. Nd5 Nxd5 16. cxd5 Bf6 17. Rac1 c5 18. dxc6 bxc6 19. Ba1 c5 20. Red1 Rd8 21. Qg3 Be5 22. f4 1-0

[Event "7th Eksjo it"]
[Site "Eksjo SWE"]
[Date "1979.08.31"]
[Round "8"]
[White "Trincardi, Tullio"]
[Black "Karlsson, Lars"]
[Result "0-1"]
[WhiteElo "2235"]
[BlackElo "2375"]
[EventDate "1979.08.24"]
[PlyCount "60"]

1. d4 e6 2. c4 b6 3. e4 Bb7 4. Bd3 Bb4+ 5. Nd2 f5 6. Qe2 Nf6 7. f3 Nc6 8. e5 Nxd4 9. Qe3 Nh5 10. Qxd4 Bc5 11. Qc3 Qh4+ 12. Kd1 Ng3 13. Nb3 Nxh1 14. Nxc5 bxc5 15. Qe1 Qxh2 16. Be3 Qxg2 17. Bxc5 Ng3 18. Qe3 Nh5 19. Rc1 Kf7 20. Rc2 Qg3 21. Bf1 Qf4 22. Qd3 Rad8 23. Qc3 Rhe8 24. Be3 Qh4 25. Nh3 d6 26. Rh2 Kg8 27. Bg5 dxe5+ 28. Bxd8 Rxd8+ 29. Kc2 Qd4 30. Qxd4 exd4 0-1

[Event "7th Eksjo it"]
[Site "Eksjo SWE"]
[Date "1979.09.01"]
[Round "9"]
[White "Akvist, Hakan"]
[Black "Schneider, Lars-Ake"]
[Result "0-1"]
[WhiteElo "2325"]
[BlackElo "2420"]
[BlackTitle "IM"]
[EventDate "1979.08.24"]
[PlyCount "80"]

1. f4 Nf6 2. Nf3 g6 3. g3 Bg7 4. Bg2 d6 5. d3 O-O 6. O-O c5 7. e4 Nc6 8. c3 Bd7 9. a4 a6 10. Na3 b5 11. axb5 axb5 12. Bd2 Qb6 13. Qe2 Ra7 14. h3 Na5 15. Rae1 Nb3 16. Be3 b4 17. Nc4 Qb8 18. Nfd2 Nxd2 19. Bxd2 Ra2 20. Ra1 b3 21. Rae1 Bb5 22. Bc1 Nd7 23. Nd2 Nb6 24. c4 Ba6 25. Qd1 Na4 26. Qxb3 Qxb3 27. Nxb3 Nxb2 28. Bxb2 Bxb2 29. Nc1 Ra3 30. Rf3 Rb8 31. Kh2 Ra1 32. Rff1 Bc3 33. Rd1 Rb2 34. g4 Bb7 35. Kg3 Bc6 36. Rh1 Bd4 37. Rdf1 Ra3 38. Rf3 Rc3 39. Re1 Rcc2 40. Bh1 Bf2+ 0-1

[Event "7th Eksjo it"]
[Site "Eksjo SWE"]
[Date "1979.09.01"]
[Round "9"]
[White "Danner, Georg"]
[Black "Ornstein, Axel"]
[Result "0-1"]
[WhiteElo "2335"]
[BlackElo "2445"]
[BlackTitle "IM"]
[EventDate "1979.08.24"]
[PlyCount "60"]

1. d4 Nf6 2. c4 e6 3. Nc3 Bb4 4. e3 b6 5. Nge2 Bb7 6. a3 Be7 7. d5 O-O 8. e4 Re8 9. Ng3 Bd6 10. Be3 exd5 11. cxd5 Na6 12. b4 Be5 13. Rc1 c5 14. b5 Nc7 15. Bd3 a6 16. a4 Bxc3+ 17. Rxc3 axb5 18. axb5 Ncxd5 19. exd5 Nxd5 20. Rc2 Nxe3 21. fxe3 Rxe3+ 22. Kf2 Qg5 23. Re1 Qf4+ 24. Kg1 Rxe1+ 25. Qxe1 Qd4+ 26. Rf2 Qxd3 27. Qe7 Qd5 28. h4 h6 29. Re2 Qd4+ 30. Kh2 Qf4 0-1

[Event "7th Eksjo it"]
[Site "Eksjo SWE"]
[Date "1979.09.01"]
[Round "9"]
[White "Karlsson, Lars"]
[Black "Andersson, Goran"]
[Result "1-0"]
[WhiteElo "2375"]
[BlackElo "2255"]
[EventDate "1979.08.24"]
[PlyCount "51"]

1. Nf3 g6 2. e4 Bg7 3. d4 d6 4. Nc3 Nf6 5. Be2 O-O 6. O-O Nc6 7. d5 Nb8 8. Nd4 c6 9. dxc6 Nxc6 10. Be3 Nxd4 11. Bxd4 Be6 12. f4 Qa5 13. Kh1 Rac8 14. a3 Bc4 15. f5 Rfd8 16. Rf3 Qa6 17. Bd3 d5 18. e5 Ne4 19. Qe2 Nc5 20. Raf1 gxf5 21. Bxc5 Rxc5 22. Rxf5 Bxd3 23. cxd3 d4 24. Ne4 Rxe5 25. Rxe5 Bxe5 26. Nc5 1-0

[Event "7th Eksjo it"]
[Site "Eksjo SWE"]
[Date "1979.09.01"]
[Round "9"]
[White "Nun, Josef"]
[Black "Wedberg, Tom"]
[Result "0-1"]
[WhiteElo "2400"]
[BlackElo "2425"]
[WhiteTitle "IM"]
[BlackTitle "IM"]
[EventDate "1979.08.24"]
[PlyCount "118"]

1. d4 Nf6 2. Nf3 e6 3. Bg5 d5 4. e3 Nbd7 5. Bd3 Be7 6. Nbd2 b6 7. c3 h6 8. Bh4 Bb7 9. O-O O-O 10. Ne5 Nxe5 11. dxe5 Nd7 12. Bg3 Nc5 13. Be2 a5 14. Qc2 Ba6 15. Bxa6 Rxa6 16. Rad1 Qa8 17. Rde1 b5 18. e4 dxe4 19. Nxe4 Nxe4 20. Rxe4 Rd8 21. a4 Rb6 22. Bf4 Qc6 23. axb5 Rxb5 24. Bc1 Rbd5 25. g3 Bf8 26. h4 Rd1 27. Ree1 R1d3 28. Re3 Rxe3 29. Bxe3 Qd5 30. Bf4 Qf3 31. Re1 Rd3 32. Qe2 Qd5 33. Be3 c5 34. Bd4 Qc4 35. Be3 Qd5 36. Bd4 Qc4 37. Be3 Qe4 38. Bf4 Qd5 39. Be3 c4 40. Bd4 Bc5 41. Bxc5 Qxc5 42. Kg2 g6 43. Qe4 h5 44. Re2 a4 45. Kh2 Kg7 46. Qf4 Qd5 47. Re3 Rd1 48. Rf3 Qb7 49. Kg2 Rd3 50. Qf6+ Kg8 51. Qf4 Rxf3 52. Qxf3 Qxb2 53. g4 hxg4 54. Qa8+ Kg7 55. h5 gxh5 56. Qd8 Qc2 57. Qf6+ Kg8 58. Qd8+ Kh7 59. Qf6 Qf5 0-1